<?xml version="1.0" encoding="UTF-8"?>
<record
    xmlns:xsi="http://www.w3.org/2001/XMLSchema-instance"
    xsi:schemaLocation="http://www.loc.gov/MARC21/slim http://www.loc.gov/standards/marcxml/schema/MARC21slim.xsd"
    xmlns="http://www.loc.gov/MARC21/slim">

  <leader>00458nam a2200169Ia 4500</leader>
  <controlfield tag="008">220603s9999    xx            000 0 und d</controlfield>
  <datafield tag="020" ind1=" " ind2=" ">
    <subfield code="a">978-0-8036-1581-6</subfield>
  </datafield>
  <datafield tag="082" ind1=" " ind2=" ">
    <subfield code="a">616.0754</subfield>
    <subfield code="b">DIL</subfield>
  </datafield>
  <datafield tag="100" ind1=" " ind2=" ">
    <subfield code="a">Dillon P</subfield>
    <subfield code="9">93943</subfield>
  </datafield>
  <datafield tag="245" ind1=" " ind2=" ">
    <subfield code="a">Nursing Health Assessment</subfield>
    <subfield code="b">Critical thinking case studies approach</subfield>
  </datafield>
  <datafield tag="250" ind1=" " ind2=" ">
    <subfield code="a">2nd ed</subfield>
  </datafield>
  <datafield tag="260" ind1=" " ind2=" ">
    <subfield code="a">Philadelphia</subfield>
    <subfield code="b">F A Davis Company</subfield>
    <subfield code="c">2007</subfield>
  </datafield>
  <datafield tag="300" ind1=" " ind2=" ">
    <subfield code="a">1090p</subfield>
  </datafield>
  <datafield tag="365" ind1=" " ind2=" ">
    <subfield code="b">Rs.</subfield>
  </datafield>
  <datafield tag="542" ind1=" " ind2=" ">
    <subfield code="b">DBB</subfield>
  </datafield>
  <datafield tag="999" ind1=" " ind2=" ">
    <subfield code="c">58266</subfield>
    <subfield code="d">58266</subfield>
  </datafield>
  <datafield tag="952" ind1=" " ind2=" ">
    <subfield code="0">0</subfield>
    <subfield code="1">0</subfield>
    <subfield code="4">0</subfield>
    <subfield code="7">0</subfield>
    <subfield code="a">BTIN</subfield>
    <subfield code="b">BTIN</subfield>
    <subfield code="d">2017-10-03</subfield>
    <subfield code="e">Rotary Club</subfield>
    <subfield code="i">859</subfield>
    <subfield code="l">0</subfield>
    <subfield code="o">616.0754 DIL CD0374</subfield>
    <subfield code="p">BTIN-CD-374</subfield>
    <subfield code="r">2022-08-10 00:00:00</subfield>
    <subfield code="w">2017-08-03</subfield>
    <subfield code="y">CD</subfield>
    <subfield code="z">CD0374</subfield>
  </datafield>
  <datafield tag="952" ind1=" " ind2=" ">
    <subfield code="0">0</subfield>
    <subfield code="1">0</subfield>
    <subfield code="4">0</subfield>
    <subfield code="7">0</subfield>
    <subfield code="a">BTIN</subfield>
    <subfield code="b">BTIN</subfield>
    <subfield code="d">2017-10-03</subfield>
    <subfield code="e">Rotary Club</subfield>
    <subfield code="i">859</subfield>
    <subfield code="l">0</subfield>
    <subfield code="o">616.0754 DIL CD0375</subfield>
    <subfield code="p">BTIN-CD-375</subfield>
    <subfield code="r">2022-08-10 00:00:00</subfield>
    <subfield code="w">2017-08-03</subfield>
    <subfield code="y">CD</subfield>
    <subfield code="z">CD0375</subfield>
  </datafield>
</record>
